000
00317nam a22001457a 4500
020
_a
978-1466556423
041
_a
ENG
100
_a
Rao.M.A
245
_a
Engineering Prpoertis of Foods
260
_a
New York
_b
Marrcel Dekker
_c
1986
300
_a
396
650
_a
APE
700
_a
Rizvi.S.S.H
856
_u
APE ( 3 )
999
_c
2511
_d
2511